Skip to main content
Your cart is empty.
Your lists
Log in to create your own lists
Your cookies
العربية
English
العربية
Home
Search
Advanced search
Authority search
About
The noble scholar, jurist, historian
His Excellency Dr. Abdul Wahhab bin Ibrahim Abu Sulaiman, may Allah have mercy on him.
He was born in Umm Al-Qura in the year 1356 AH.
Library catalog
Title
Author
Subject
ISBN
ISSN
Series
Call number
Log in to your account
×
Login:
Password:
Home
MARC view: حكمة الدين = Wisdom of the religion :
Normal view
MARC view
ISBD view
حكمة الدين = Wisdom of the religion : (Record no. 8921)
[
view plain
]
MARC details
000 -LEADER
fixed length control field
01200cam a22002891i 4500
003 - CONTROL NUMBER IDENTIFIER
control field
SA-RiAUC
005 - DATE AND TIME OF LATEST TRANSACTION
control field
20250613161328.0
008 - FIXED-LENGTH DATA ELEMENTS--GENERAL INFORMATION
fixed length control field
250612s1973 ua g 00010 ara c
040 ## - CATALOGING SOURCE
Original cataloging agency
SA-RiAUC
Language of cataloging
ara
Transcribing agency
SA-RiAUC
Description conventions
rda
041 1# - LANGUAGE CODE
Language code of text/sound track or separate title
ara
Language code of summary or abstract
eng
082 04 - DEWEY DECIMAL CLASSIFICATION NUMBER
Classification number
211
Assigning agency
SA-RiAUC
090 ## - LOCALLY ASSIGNED LC-TYPE CALL NUMBER (OCLC); LOCAL CALL NUMBER (RLIN)
Classification number (OCLC) (R) ; Classification number, CALL (RLIN) (NR)
211
Local cutter number (OCLC) ; Book number/undivided call number, CALL (RLIN)
خ ا ن
100 1# - MAIN ENTRY--PERSONAL NAME
Personal name
خان، وحيد الدين،
Dates associated with a name
1925-2021
Relator term
مؤلف.
245 10 - TITLE STATEMENT
Title
حكمة الدين = Wisdom of the religion :
Remainder of title
تفسير عناصر الإسلام ومقتضياته /
Statement of responsibility, etc.
تأليف وحيد الدين خان ؛ ترجمة ظفر الإسلام خان.
246 30 - VARYING FORM OF TITLE
Title proper/short title
Wisdom of the religion
264 #1 - PRODUCTION, PUBLICATION, DISTRIBUTION, MANUFACTURE, AND COPYRIGHT NOTICE
Place of production, publication, distribution, manufacture
القاهرة :
Name of producer, publisher, distributor, manufacturer
المختار الإسلامي للطباعة والنشر والتوزيع،
Date of production, publication, distribution, manufacture, or copyright notice
1973
300 ## - PHYSICAL DESCRIPTION
Extent
71 صفحة ؛
Dimensions
24 سم
336 ## - CONTENT TYPE
Content type term
نص
Content type code
txt
Source
rdacontent
Materials specified
كتاب
337 ## - MEDIA TYPE
Media type term
بدون وسيط
Media type code
n
Source
rdamedia
338 ## - CARRIER TYPE
Carrier type term
مجلد
Carrier type code
nc
Source
rdacarrier
500 ## - GENERAL NOTE
General note
غلاف مصور.
650 #7 - SUBJECT ADDED ENTRY--TOPICAL TERM
Topical term or geographic name entry element
الإسلام
Form subdivision
متفرقات
Source of heading or term
aucsh
650 #7 - SUBJECT ADDED ENTRY--TOPICAL TERM
Topical term or geographic name entry element
الإسلام
Form subdivision
مقالات ومحاضرات
Source of heading or term
aucsh
700 1# - ADDED ENTRY--PERSONAL NAME
Personal name
خان، ظفر الإسلام،
Dates associated with a name
1948-
Relator term
مترجم.
942 ## - ADDED ENTRY ELEMENTS (KOHA)
Source of classification or shelving scheme
Dewey Decimal Classification
Koha item type
Books
Suppress in OPAC
No
949 ## - LOCAL PROCESSING INFORMATION (OCLC)
a
SA-JeALM
d
250612
u
osman123
n
1
Holdings
Withdrawn status
Lost status
Source of classification or shelving scheme
Damaged status
Not for loan
Home library
Current library
Date acquired
Total checkouts
Full call number
Barcode
Date last seen
Price effective from
Koha item type
Dewey Decimal Classification
DR AbdElwahab Library
DR AbdElwahab Library
06/13/2025
211 خ ا ن
000014767
06/13/2025
06/13/2025
Books
Place hold
Print
Add to your cart
(remove)
Save record
BIBTEX
Dublin Core
MARCXML
MARC (non-Unicode/MARC-8)
MARC (Unicode/UTF-8)
MARC (Unicode/UTF-8, Standard)
MODS (XML)
RIS
ISBD
More searches
Search for this title in:
Other Libraries (WorldCat)
Other Databases (Google Scholar)
Online Stores (Bookfinder.com)
Open Library (openlibrary.org)
Exporting to Dublin Core...
×
Simple DC-RDF
OAI-DC
SRW-DC